1053 1713 1779 1502 1396 1019 1896 1187 1403 1372 1694 1063 1012 1919 1549 1897 1529 1341 1990 1405 1266 1851 1295 1745 1310 1054 1598 1406 1257 1638 1174 1409 1143 1009 1595 1519 1839 1023 1408 1833 1886 1722 1005 1093 1452 1068 1265 1329 1229 1542 1754 1685 1431 1727 1477 1557 1445 1846 1406 1713 1670 1484 1260 1344 1151 1313 1948 1497 1706 1217 1782 1545 1051 1678 1330 1315 1172 1936 1612 1922 1166 1668 1232 1492 1388 1120 1483 1397 1056 1992 1466 1386 1106 1071 1602 1480 1228 1882 1312 BCNSPRNW ULIB Ver.6.0+V

เปลี่ยนเป็นภาษาไทย

Change to English
 แสดงรายละเอียดบรรณานุกรม
  กลับหน้าหลัก

Brief Record : Get Marc (ISO 2709) : E-mail record : QR code < ปิดหน้าต่าง
LEADER : 00000nam 2200000uu 4500
001    13399113472
003     ULIB
008    111121s2552||||th 000 0 tha d
020    ^a9786165070034
060 04 ^aQZ201^bม211ก
100 0  ^aมลฤดี สุขประสารทรัพย์
245 10 ^aกินอาหารไทยห่างไกลมะเร็ง /^cมลฤดี สุขประสารทรัพย์, แก้วกังสดาลอำไพ
250    ^aพิมพ์ครั้งที่ 1
260    ^aกรุงเทพฯ :^bหมอชาวบ้าน,^c2552
300    ^a152 หน้า :^bภาพประกอบสี ;^c21 ซม.
650  7 ^aสารต้านมะเร็ง
650  7 ^aอาหารไทย
650  7 ^aอาหารเพื่อสุขภาพ
650  7 ^aอาหาร, การรักษาด้วยการกำหนด
700 0  ^aแก้ว กังสดาลอำไพ
945    ^p250^l0^i16614
995    ^aกัณชพร
999    ^aใช้งานได้ทุกระบบ
รายการนี้ยังไม่มีแท็ก
คุณยังไม่ได้ล็อกอิน คุณสามารถมีกิจกรรมร่วมกับเว็บไซต์ได้ แต่ต้องล็อกอินก่อน ::
  ล็อกอิน

รายการสื่อสารสนเทศ

ลำดับที่ ประเภท เลขเรียก/บาร์โค้ด สถานที่ สถานะ
- ไม่พบข้อมูล -

รายการใกล้เคียง
    ผู้แต่ง [มลฤดี สุขประสารทรัพย์]

    หัวเรื่อง [สารต้านมะเร็ง]
    หัวเรื่อง [อาหารไทย]
    หัวเรื่อง [อาหารเพื่อสุขภาพ]
    หัวเรื่อง [อาหาร, การรักษาด้วยการกำหนด]

BibComment


ยังไม่เคยถูกคอมเมนท์

คอมเมนท์ทรัพยากรรายการนี้
  คอมเมนท์: กินอาหารไทยห่างไ..


 Copyright 2026. Bcnsprnw @Library